书目信息 |
| 题名: |
丝路沿线国家电影研究
|
|
| 作者: | 王珊 著 | |
| 分册: | ||
| 出版信息: | 武汉 武汉大学出版社 2022.03 |
|
| 页数: | 155页 | |
| 开本: | 24cm | |
| 丛书名: | ||
| 单 册: | ||
| 中图分类: | J991 | |
| 科图分类: | ||
| 主题词: | 电影事业--dian ying shi ye--研究--世界 | |
| 电子资源: | ||
| ISBN: | 978-7-307-22796-5 | |
| 000 | 00945nam0 2200229 450 | |
| 001 | CAL 012022031730 | |
| 005 | 20230217093112.0 | |
| 010 | @a978-7-307-22796-5@dCNY48.00 | |
| 100 | @a20221011d2022 em y0chiy0120 ea | |
| 101 | 0 | @achi |
| 102 | @aCN@b420000 | |
| 105 | @ay z 000yy | |
| 106 | @ar | |
| 200 | 1 | @a丝路沿线国家电影研究@Asi lu yan xian guo jia dian ying yan jiu@f王珊著 |
| 210 | @a武汉@c武汉大学出版社@d2022.03 | |
| 215 | @a155页@d24cm | |
| 330 | @a本书着眼于丝路沿线国家电影产业与创作的最新情况, 重的放在了与我国政治、经济及文化均有着紧密合作的伙伴巴基斯坦上, 并辐射至其他南亚国家, 随后将研究版图继续西扩至中亚六国等。此外, 本书还从服饰文化、音乐及类型片等多重角度对上述国家的电影创作进行进一步剖析, 是一本全面了解当代丝路沿线国家电影业近况的书。 | |
| 606 | 0 | @a电影事业@Adian ying shi ye@x研究@y世界 |
| 690 | @aJ991@v5 | |
| 701 | 0 | @a王珊@Awang shan@4著 |
| 801 | 0 | @aCN@bBJXHZP@c20230222 |
| 905 | @b1378249-52@dJ991@e413@f4 | |
| 丝路沿线国家电影研究/王珊著.-武汉:武汉大学出版社,2022.03 |
| 155页;24cm |
| ISBN 978-7-307-22796-5:CNY48.00 |
| 本书着眼于丝路沿线国家电影产业与创作的最新情况, 重的放在了与我国政治、经济及文化均有着紧密合作的伙伴巴基斯坦上, 并辐射至其他南亚国家, 随后将研究版图继续西扩至中亚六国等。此外, 本书还从服饰文化、音乐及类型片等多重角度对上述国家的电影创作进行进一步剖析, 是一本全面了解当代丝路沿线国家电影业近况的书。 |
| ● |
| 相关链接 |
|
|
|
|
正题名:丝路沿线国家电影研究
索取号:J991/413
 
预约/预借
| 序号 | 登录号 | 条形码 | 馆藏地/架位号 | 状态 | 备注 |
| 1 | 1378249 | 213782496 | 第一样本阅览室/ [索取号:J991/413] | 在馆 | |
| 2 | 1378250 | 213782502 | 第一借阅区/ [索取号:J991/413] | 在馆 | |
| 3 | 1378251 | 213782511 | 第一借阅区/ [索取号:J991/413] | 在馆 | |
| 4 | 1378252 | 213782520 | 第一借阅区/ [索取号:J991/413] | 在馆 |